[Event "Tournoi francophone 004 Groupe E"]
[Site "Skype"]
[Date "????.??.??"]
[Round "1.1"]
[White "Martin, Elise"]
[Black "Lecluyse, Koenraad"]
[Result "0-1"]
[WhiteElo "1070"]
[BlackElo "1300"]
[PlyCount "78"]

1. e4 e5 2. Nf3 Nc6 3. d3 Bb4+ 4. Nc3 Bxc3+ 5. bxc3 Nf6 6. Bg5 h6 7. Bh4 O-O 8.
Be2 d6 9. O-O Be6 10. Rb1 b6 11. c4 a6 12. c5 Bxa2 13. Ra1 Be6 14. cxb6 cxb6
15. Rb1 b5 16. Rb4 Nxb4 17. c3 Na2 18. Bg3 Nxc3 19. Qd2 Rc8 20. Nh4 Ng4 21.
Bxg4 Bxg4 22. Ra1 Ne2+ 23. Kf1 Nd4 24. Rxa6 Qc7 25. Ra1 g5 26. Nf5 Bxf5 27.
exf5 Nxf5 28. d4 e4 29. d5 Rfe8 30. Rd1 e3 31. fxe3 Nxe3+ 32. Kg1 Nxd1 33. Qxd1
Qe7 34. Bf2 Qf6 35. h3 h5 36. g3 h4 37. gxh4 gxh4 38. Kf1 Qf4 39. Qc2 Rxc2 0-1

[Event "Tournoi francophone 004 Groupe E"]
[Site "Skype"]
[Date "????.??.??"]
[Round "1.4"]
[White "Douichi, Mohammed"]
[Black "Frigon, Julian"]
[Result "1-0"]
[WhiteElo "1209"]
[BlackElo "1013"]
[PlyCount "51"]

1. e4 d6 2. Nf3 g6 3. d4 Bg7 4. d5 Nf6 5. Bd3 O-O 6. O-O Bg4 7. Nc3 Bxf3 8.
Qxf3 Nbd7 9. Qe2 Ne5 10. f4 Nxd3 11. Qxd3 e5 12. dxe6 fxe6 13. Be3 c5 14. Qc4
Re8 15. e5 dxe5 16. fxe5 Nd7 17. Rfd1 Bxe5 18. Bf4 Bxf4 19. Qxf4 Qf6 20. Qc7
Qe7 21. Rxd7 Qf6 22. Rf1 Qxf1+ 23. Kxf1 b6 24. Rg7+ Kh8 25. Rxh7+ Kg8 26. Qg7#
1-0

[Event "Tournoi francophone 004 Groupe E"]
[Site "Skype"]
[Date "????.??.??"]
[Round "1.5"]
[White "Ambrosino, Theo"]
[Black "Lequeux, Pierre"]
[Result "0-1"]
[WhiteElo "1000"]
[BlackElo "1181"]
[PlyCount "82"]

1. e4 e5 2. Nf3 Nf6 3. Nc3 Nc6 4. Bc4 d5 5. exd5 Nxd5 6. Ng5 h6 7. Qf3 hxg5 8.
Bxd5 Be6 9. Bxc6+ bxc6 10. Qxc6+ Bd7 11. Qe4 Bd6 12. Nd5 c6 13. b3 cxd5 14.
Qxd5 Bf5 15. Bb2 f6 16. Qc6+ Ke7 17. Qb7+ Bd7 18. Qd5 Be6 19. Qb7+ Qd7 20. Qe4
Bf5 21. Qc4 Rac8 22. Qa6 Bxc2 23. O-O Bb8 24. Ba3+ Kf7 25. Qc4+ Rxc4 26. Rac1
Rcc8 27. Rce1 Bd3 28. Rc1 Bxf1 29. Rxf1 Qxd2 30. h3 Qxa2 31. Bc1 Qxb3 32. Be3
Rc4 33. Ra1 Ra4 34. Rxa4 Qxa4 35. f3 Rc8 36. Kf2 Rc2+ 37. Kg3 e4+ 38. Kg4 Qd7+
39. Kh5 g6+ 40. Kh6 Rxg2 41. fxe4 Qxh3# 0-1

[Event "Tournoi francophone 004 Groupe E"]
[Site "Skype"]
[Date "????.??.??"]
[Round "1.6"]
[White "Guillaume, Mickael"]
[Black "Mimouni, Driss"]
[Result "1-0"]
[WhiteElo "1180"]
[BlackElo "1000"]
[PlyCount "59"]

1. d4 d5 2. e3 Nc6 3. Nf3 e6 4. a3 Nf6 5. Bd3 Bd6 6. b4 Ng4 7. Qe2 Nxh2 8. Nxh2
Qh4 9. Qg4 Qh6 10. Qh3 e5 11. Qxh6 gxh6 12. Ng4 Bxg4 13. Rxh6 Ne7 14. Bxh7 Bf5
15. dxe5 Bxh7 16. exd6 cxd6 17. Bb2 Rg8 18. g3 Bg6 19. Nd2 Bxc2 20. Rxd6 Rh8
21. Bxh8 Kf8 22. Bf6 Re8 23. Ke2 Nf5 24. Rxd5 Ne7 25. Rd7 Ba4 26. Rxb7 Nd5 27.
Bd4 Bc6 28. Rxa7 Rd8 29. Rh1 Kg8 30. Rh8# 1-0

[Event "Tournoi francophone 004 Groupe E"]
[Site "Skype"]
[Date "????.??.??"]
[Round "1.7"]
[White "Morientes, Felipe"]
[Black "Vervoort, Jean-Louis"]
[Result "1-0"]
[WhiteElo "1000"]
[BlackElo "1155"]
[PlyCount "53"]

1. d4 d5 2. c4 c6 3. Nc3 Nf6 4. e3 Bg4 5. f3 Bh5 6. Qb3 b6 7. Nh3 e6 8. Nf4 g6
9. Bd2 g5 10. Nxh5 Nxh5 11. O-O-O Bh6 12. e4 Nf6 13. h4 Bg7 14. hxg5 Ng8 15.
cxd5 cxd5 16. Bb5+ Kf8 17. exd5 e5 18. dxe5 Bxe5 19. Rhe1 Bd6 20. Re8+ Qxe8 21.
Bxe8 Kxe8 22. Re1+ Kd8 23. Nb5 Kd7 24. Nxd6 Kxd6 25. Bc3 Nf6 26. Be5+ Ke7 27.
Bxf6+ 1-0

[Event "Tournoi francophone 004 Groupe E"]
[Site "Skype"]
[Date "????.??.??"]
[Round "2.1"]
[White "Lecluyse, Koenraad"]
[Black "Guillaume, Mickael"]
[Result "0-1"]
[WhiteElo "1300"]
[BlackElo "1180"]
[PlyCount "94"]

1. d4 d5 2. Nf3 Nc6 3. Bf4 e6 4. e3 a6 5. Bd3 Be7 6. c3 Bf6 7. Nbd2 Nge7 8. O-O
O-O 9. e4 Ng6 10. Bg3 Re8 11. e5 Bg5 12. a4 Bh4 13. Bxg6 fxg6 14. Bxh4 Ne7 15.
Qc2 Rf8 16. Ng5 Bd7 17. Qd3 c6 18. Qh3 h6 19. Nxe6 Bxe6 20. Qxe6+ Kh7 21. Bxe7
Qe8 22. Rfe1 Rf7 23. Nf3 Rxe7 24. Qh3 Kg8 25. Nd2 Qf7 26. Rf1 Rf8 27. f3 Qf4
28. Qg4 Qxd2 29. Rab1 g5 30. h4 gxh4 31. Qxh4 Ref7 32. Rf2 Qe3 33. Rbf1 a5 34.
Qh5 b5 35. axb5 cxb5 36. Qg4 Re7 37. Qh4 Ref7 38. Qg4 Re8 39. Ra1 a4 40. Ra3
Qe1+ 41. Kh2 Qxf2 42. b3 Qb2 43. e6 Rfe7 44. f4 Qxa3 45. f5 Rf8 46. Qg6 Rf6 47.
Qg4 axb3 0-1

[Event "Tournoi francophone 004 Groupe E"]
[Site "Skype"]
[Date "????.??.??"]
[Round "2.2"]
[White "Morin, Claude"]
[Black "Maccaferri, Massimo"]
[Result "0-1"]
[WhiteElo "1030"]
[BlackElo "1252"]
[PlyCount "80"]

1. e4 e5 2. Nf3 Nc6 3. c3 Bc5 4. Bb5 d6 5. b3 Qf6 6. Bxc6+ bxc6 7. b4 Bb6 8.
O-O Qg6 9. d3 Bh3 10. Nh4 Qf6 11. gxh3 Qxh4 12. Qf3 Nh6 13. Kh1 g5 14. Rg1 Bxf2
15. Rg2 Be1 16. Nd2 Rg8 17. d4 g4 18. Rxg4 Rxg4 19. hxg4 Nxg4 20. h3 Nf2+ 21.
Kh2 Ng4+ 22. Qxg4 Qf2+ 23. Qg2 Qf4+ 24. Kg1 O-O-O 25. Nf3 Qxe4 26. Nxe1 Qxe1+
27. Qf1 Qxc3 28. Rb1 Qxd4+ 29. Qf2 Rg8+ 30. Kf1 Qd3+ 31. Ke1 Qxb1 32. Qb2 Rg1+
33. Kd2 Rg2+ 34. Kd1 Qd3+ 35. Bd2 e4 36. Qc2 Qd4 37. Qc3 Qd5 38. Ke1 f5 39. Kf1
Rxd2 40. Ke1 Rxa2 0-1

[Event "Tournoi francophone 004 Groupe E"]
[Site "Skype"]
[Date "????.??.??"]
[Round "2.3"]
[White "Schnell, Nicolas"]
[Black "Douichi, Mohammed"]
[Result "0-1"]
[WhiteElo "1000"]
[BlackElo "1209"]
[PlyCount "58"]

1. e3 d5 2. Nf3 Bf5 3. c3 Nc6 4. Na3 e5 5. Nxe5 Nxe5 6. d4 Nc6 7. Nb5 a6 8. Na3
Nf6 9. Bd2 Ne4 10. Bc1 Bd6 11. Rg1 Bxh2 12. Rh1 Qh4 13. g3 Nxg3 14. Bg2 Nxh1
15. Bxh1 O-O 16. Qe2 Qg5 17. Bd2 Bg4 18. Qd3 Bh3 19. O-O-O Bf5 20. e4 dxe4 21.
Qc4 Bf4 22. Qe2 Rae8 23. Bxe4 Bxe4 24. Qe1 Bc2 25. Kxc2 Rxe1 26. Bxe1 Qg6+ 27.
Kb3 Bd6 28. Nc4 b5 29. Ne3 Na5# 0-1

[Event "Tournoi francophone 004 Groupe E"]
[Site "Skype"]
[Date "????.??.??"]
[Round "2.4"]
[White "Vervoort, Jean-Louis"]
[Black "Ambrosino, Theo"]
[Result "0-1"]
[WhiteElo "1155"]
[BlackElo "1000"]
[PlyCount "72"]

1. e4 d5 2. e5 d4 3. c3 dxc3 4. bxc3 Qd5 5. d4 e6 6. Nd2 Nc6 7. Ngf3 Be7 8. Bc4
Qa5 9. Qc2 Nh6 10. O-O O-O 11. Nb3 Qa4 12. Bd3 Nf5 13. Bxf5 exf5 14. Bf4 Na5
15. Rfb1 Bd8 16. Rb2 Nc6 17. Rab1 Ne7 18. Ng5 h6 19. Nf3 Nd5 20. Qd2 g5 21.
Nxg5 Nxf4 22. Qxf4 hxg5 23. Qf3 g4 24. Qf4 Be7 25. Nc5 Bxc5 26. Qg5+ Kh7 27.
dxc5 Rg8 28. Qh5+ Kg7 29. Qg5+ Kh7 30. Qh5+ Kg7 31. Qg5+ Kf8 32. Qh6+ Rg7 33.
Qh8+ Rg8 34. Qh6+ Ke7 35. Qf6+ Kf8 36. Rd1 Qxd1# 0-1

[Event "Tournoi francophone 004 Groupe E"]
[Site "Skype"]
[Date "????.??.??"]
[Round "2.5"]
[White "Lequeux, Pierre"]
[Black "Morientes, Felipe"]
[Result "0-1"]
[WhiteElo "1181"]
[BlackElo "1000"]
[PlyCount "58"]

1. Nf3 d5 2. e3 Nf6 3. h3 c5 4. c4 d4 5. d3 Nc6 6. e4 e5 7. Be2 h6 8. O-O Bd6
9. Nbd2 O-O 10. b3 Be6 11. Bb2 a6 12. a4 Rb8 13. Ba3 b5 14. axb5 axb5 15. cxb5
Rxb5 16. Nc4 Bc7 17. Rb1 Qa8 18. Qc1 Rfb8 19. Bd1 Bxc4 20. dxc4 Ra5 21. Ra1
Nxe4 22. b4 cxb4 23. Bb2 Rxa1 24. Bxa1 Nc3 25. Bxc3 bxc3 26. Re1 Nb4 27. Nxe5
Bxe5 28. Rxe5 Nd3 29. Qd2 cxd2 0-1

[Event "Tournoi francophone 004 Groupe E"]
[Site "Skype"]
[Date "????.??.??"]
[Round "2.6"]
[White "Bacha, Mehdi"]
[Black "Bouffard, Georges"]
[Result "0-1"]
[WhiteElo "1066"]
[BlackElo "1234"]
[PlyCount "32"]

1. d4 d5 2. Bf4 Nc6 3. e3 e6 4. c3 Bd6 5. Nf3 Nf6 6. Bd3 Bxf4 7. exf4 Ne4 8.
Bxe4 dxe4 9. Ng5 Qd5 10. g3 Nd8 11. O-O O-O 12. Nd2 f5 13. Re1 Bd7 14. Nc4 Bc6
15. Ne5 e3 16. Rxe3 Qg2# 0-1

[Event "Tournoi francophone 004 Groupe E"]
[Site "Skype"]
[Date "????.??.??"]
[Round "2.7"]
[White "Frigon, Julian"]
[Black "Martin, Elise"]
[Result "1-0"]
[WhiteElo "1013"]
[BlackElo "1070"]
[PlyCount "67"]

1. d4 d5 2. e3 Nf6 3. Bd3 e6 4. Nf3 Bd6 5. Nbd2 O-O 6. O-O b6 7. Re1 h6 8. e4
dxe4 9. Nxe4 Bb7 10. Nxf6+ Qxf6 11. c3 Bxf3 12. gxf3 Qh4 13. Bc2 Qxh2+ 14. Kf1
Qh1+ 15. Ke2 Qh4 16. Qd3 g6 17. Bd2 Nd7 18. Rh1 Qf6 19. Bxh6 Rfe8 20. f4 Bxf4
21. Bxf4 Qxf4 22. Qh3 Kf8 23. Qg2 Qf6 24. Qc6 Qd8 25. f4 Nf6 26. Kf3 e5 27.
dxe5 Rxe5 28. fxe5 Ng8 29. Rad1 Qc8 30. Be4 Ne7 31. Qxa8 Qxa8 32. Bxa8 Nf5 33.
Rh7 Ne7 34. Rd8# 1-0

[Event "Tournoi francophone 004 Groupe E"]
[Site "Skype"]
[Date "????.??.??"]
[Round "3.1"]
[White "Maccaferri, Massimo"]
[Black "Douichi, Mohammed"]
[Result "1-0"]
[WhiteElo "1252"]
[BlackElo "1209"]
[PlyCount "47"]

1. e4 e5 2. Nc3 Nf6 3. Bc4 Bc5 4. Nd5 Bxf2+ 5. Kxf2 Nxe4+ 6. Ke1 Qh4+ 7. g3
Nxg3 8. Nf3 Qxc4 9. Ne3 Qe4 10. hxg3 d6 11. Rh4 Bg4 12. Rxg4 Qc6 13. Rxg7 e4
14. Ng5 Rf8 15. Qh5 Qd7 16. Nxh7 Rh8 17. Nf6+ Ke7 18. Qxf7+ Kd8 19. Nxd7 Rh1+
20. Nf1 Rh8 21. Qf6+ Kc8 22. Qf7 Rd8 23. Nxb8 Rxb8 24. Qxc7# 1-0

[Event "Tournoi francophone 004 Groupe E"]
[Site "Skype"]
[Date "????.??.??"]
[Round "3.2"]
[White "Guillaume, Mickael"]
[Black "Morientes, Felipe"]
[Result "0-1"]
[WhiteElo "1180"]
[BlackElo "1000"]
[PlyCount "70"]

1. e4 e6 2. e5 d5 3. exd6 cxd6 4. Nf3 Nf6 5. Be2 Be7 6. d4 O-O 7. Bd2 b6 8. O-O
Bb7 9. Qc1 Nbd7 10. Re1 Rc8 11. Bd3 Bxf3 12. gxf3 Qc7 13. Kh1 Qc6 14. Be4 Nxe4
15. fxe4 Qxc2 16. Nc3 Qd3 17. Qd1 Qxd4 18. Qe2 Qc4 19. Qg4 Ne5 20. Qg3 Kh8 21.
Rg1 g6 22. a4 Nd3 23. Rab1 Bf6 24. Nb5 Qxe4+ 25. Rg2 Be5 26. Qe3 Nxf2+ 27. Qxf2
Qxb1+ 28. Rg1 Qe4+ 29. Rg2 Bxb2 30. Nxd6 Qb1+ 31. Rg1 Qc2 32. Nxc8 Rxc8 33.
Qxf7 Qxd2 34. Qxe6 Rd8 35. Qe5+ Bxe5 0-1

[Event "Tournoi francophone 004 Groupe E"]
[Site "Skype"]
[Date "????.??.??"]
[Round "3.4"]
[White "Bouffard, Georges"]
[Black "Schnell, Nicolas"]
[Result "1-0"]
[WhiteElo "1234"]
[BlackElo "1000"]
[PlyCount "107"]

1. d4 Nf6 2. Nd2 Nc6 3. e3 b6 4. Bd3 g6 5. f4 e6 6. a3 Be7 7. Ngf3 Rg8 8. Nc4
d6 9. e4 Ng4 10. Qe2 h5 11. O-O Rh8 12. e5 d5 13. Ne3 f5 14. h3 Nh6 15. c3 h4
16. Ng5 Rg8 17. Nh7 Rg7 18. Nf6+ Kf8 19. Kh2 g5 20. Nh5 Rg6 21. Nd1 g4 22. hxg4
Nxg4+ 23. Kg1 Rh6 24. Nf6 h3 25. g3 h2+ 26. Kh1 Rg6 27. Nxg4 Qe8 28. Rf2 fxg4
29. Bxg6 Qxg6 30. Rxh2 Bb7 31. Rh8+ Kf7 32. Rxa8 Bxa8 33. Qh2 Nxe5 34. dxe5 d4+
35. Kg1 d3 36. Bd2 Qe4 37. Nf2 Qe2 38. Qh7+ Ke8 39. Qh5+ Kd7 40. Qxg4 Qxe5 41.
fxe5 Bc5 42. Qg7+ Kc6 43. b4 Kb5 44. a4+ Ka6 45. c4 Kb7 46. Qd7 Ka6 47. b5+ Kb7
48. Qxe6 Bd6 49. a5 bxa5 50. Rxa5 Bb4 51. Bxb4 Kb8 52. Qe8+ Kb7 53. b6 axb6 54.
Qxa8# 1-0

[Event "Tournoi francophone 004 Groupe E"]
[Site "Skype"]
[Date "????.??.??"]
[Round "3.5"]
[White "Mimouni, Driss"]
[Black "Lequeux, Pierre"]
[Result "0-1"]
[WhiteElo "1000"]
[BlackElo "1181"]
[PlyCount "92"]

1. e4 e5 2. c3 Nf6 3. d3 Nc6 4. Bg5 Be7 5. c4 O-O 6. Nf3 d6 7. c5 d5 8. Nxe5
Nxe5 9. Be2 dxe4 10. dxe4 Nxe4 11. Qxd8 Bxd8 12. Bxd8 Rxd8 13. O-O Nxc5 14. Nc3
Bg4 15. f3 Be6 16. Bb5 Ncd3 17. Bxd3 Nxd3 18. Nb5 Nxb2 19. Nxc7 Rac8 20. Nxe6
fxe6 21. Rae1 Re8 22. Re2 Nc4 23. Re4 Nd2 24. Rfe1 Nxe4 25. fxe4 e5 26. Kf2
Rc2+ 27. Re2 Rxe2+ 28. Kxe2 Rc8 29. Kf3 Kf7 30. Kg4 Kf6 31. Kh3 Rc4 32. g4 Rxe4
33. Kh4 g5+ 34. Kh5 Re2 35. h4 h6 36. Kxh6 gxh4 37. Kh5 h3 38. g5+ Kg7 39. g6
Rxa2 40. Kg5 h2 41. Kf5 h1=Q 42. Kxe5 Kxg6 43. Kd6 Rc2 44. Ke7 Rd2 45. Kf8 Re2
46. Kg8 Re8# 0-1

[Event "Tournoi francophone 004 Groupe E"]
[Site "Skype"]
[Date "????.??.??"]
[Round "3.6"]
[White "Ambrosino, Theo"]
[Black "Morin, Claude"]
[Result "1-0"]
[WhiteElo "1000"]
[BlackElo "1030"]
[PlyCount "65"]

1. e4 e5 2. Nf3 d6 3. Nc3 Nf6 4. Bc4 Be7 5. d3 O-O 6. O-O Bg4 7. h3 Bh5 8. Nb1
Nc6 9. Nbd2 Na5 10. Qe1 Nc6 11. Qe3 d5 12. exd5 Nxd5 13. Bxd5 Qxd5 14. c4 Qd7
15. Ne4 Nb4 16. Qe2 Bg6 17. Nxe5 Qxd3 18. Nxd3 Nxd3 19. Qxd3 Rad8 20. Qe3 b6
21. Bd2 h6 22. Qf4 Rd4 23. f3 Rxc4 24. Rac1 Ra4 25. Qxc7 Bxe4 26. Qxe7 Bd3 27.
Rfe1 Rxa2 28. Bb4 Rxb2 29. Qxf8+ Kh7 30. Rc3 Bf5 31. Qxf7 Rxb4 32. Qxf5+ Kh8
33. Rc8# 1-0

[Event "Tournoi francophone 004 Groupe E"]
[Site "Skype"]
[Date "????.??.??"]
[Round "3.7"]
[White "Martin, Elise"]
[Black "Vervoort, Jean-Louis"]
[Result "0-1"]
[WhiteElo "1070"]
[BlackElo "1155"]
[PlyCount "88"]

1. d4 d5 2. Nf3 Nf6 3. e3 Bf5 4. Bb5+ c6 5. Ba4 b5 6. Bb3 e6 7. O-O Bb4 8. h3
O-O 9. Nh4 Qd6 10. Qf3 Bg6 11. Qg3 Nbd7 12. Qxd6 Bxd6 13. Nc3 Rac8 14. Bd2 c5
15. dxc5 Rxc5 16. e4 Nxe4 17. Nxe4 Bxe4 18. Be3 Rc7 19. Rad1 Bxc2 20. Bxc2 Rxc2
21. b4 Rxa2 22. Rd4 Ra8 23. Rdd1 a5 24. bxa5 R8xa5 25. Nf3 b4 26. h4 b3 27. Bc1
b2 28. Bxb2 Rxb2 29. h5 Rba2 30. g4 Ne5 31. Nxe5 Bxe5 32. Kg2 R2a3 33. g5 Bf4
34. g6 fxg6 35. hxg6 hxg6 36. Rde1 e5 37. Rh1 d4 38. f3 d3 39. Rd1 d2 40. Kh3
Rxf3+ 41. Kg4 Raa3 42. Rxd2 Bxd2 43. Rd1 Rf4+ 44. Kg5 Rg3# 0-1

[Event "Tournoi francophone 004 Groupe E"]
[Site "Skype"]
[Date "????.??.??"]
[Round "4.1"]
[White "Morientes, Felipe"]
[Black "Maccaferri, Massimo"]
[Result "1-0"]
[WhiteElo "1000"]
[BlackElo "1252"]
[PlyCount "37"]

1. d4 d5 2. c4 e6 3. Nc3 dxc4 4. e4 Be7 5. Nf3 b6 6. Bxc4 Bb7 7. e5 Bxf3 8.
Qxf3 c6 9. Be3 Bg5 10. Bxe6 fxe6 11. Qh5+ g6 12. Qxg5 Qd7 13. Ne4 Qe7 14. Qf4
Qb4+ 15. Bd2 Qxb2 16. Nd6+ Ke7 17. Qf7+ Kd8 18. Bg5+ Ne7 19. Qxe7# 1-0

[Event "Tournoi francophone 004 Groupe E"]
[Site "Skype"]
[Date "????.??.??"]
[Round "4.2"]
[White "Lequeux, Pierre"]
[Black "Bouffard, Georges"]
[Result "0-1"]
[WhiteElo "1181"]
[BlackElo "1234"]
[PlyCount "82"]

1. Nf3 Nc6 2. Nc3 e6 3. a3 g6 4. e4 Bg7 5. d4 Nge7 6. Be3 a6 7. Be2 O-O 8. O-O
d6 9. Bf4 f6 10. d5 exd5 11. exd5 Ne5 12. Bxe5 fxe5 13. h3 Bf5 14. Nh4 Qd7 15.
Bd3 Bf6 16. Nxf5 Nxf5 17. Bxf5 Qxf5 18. Ne2 b5 19. Ng3 Qd7 20. b3 Bg7 21. Ne4
Bh6 22. c4 c6 23. dxc6 Qxc6 24. Nxd6 Rad8 25. cxb5 axb5 26. Rc1 Qb6 27. Qd5+
Kh8 28. Qxe5+ Bg7 29. Qe6 Rxd6 30. Qe2 Rd4 31. Rfd1 Qa5 32. Re1 Rfd8 33. b4 Qb6
34. Rcd1 R4d6 35. Rxd6 Qxd6 36. Rd1 Qxd1+ 37. Qxd1 Rxd1+ 38. Kh2 Be5+ 39. g3
Ra1 40. f4 Ra2+ 41. Kh1 Bd6 0-1

[Event "Tournoi francophone 004 Groupe E"]
[Site "Skype"]
[Date "????.??.??"]
[Round "4.3"]
[White "Douichi, Mohammed"]
[Black "Ambrosino, Theo"]
[Result "0-1"]
[WhiteElo "1209"]
[BlackElo "1000"]
[PlyCount "38"]

1. e4 d5 2. e5 e6 3. d4 Nc6 4. Nf3 Nh6 5. Bg5 Be7 6. Bxh6 gxh6 7. Be2 Bd7 8.
O-O Bg5 9. h4 Bf4 10. Qd3 Nb4 11. Qc3 Qe7 12. a3 Nc6 13. Qe1 O-O-O 14. Nc3 a6
15. Na4 h5 16. Nc5 Nxd4 17. Bxa6 Nxf3+ 18. gxf3 Rhg8+ 19. Kh1 Qxh4# 0-1

[Event "Tournoi francophone 004 Groupe E"]
[Site "Skype"]
[Date "????.??.??"]
[Round "4.4"]
[White "Bacha, Mehdi"]
[Black "Guillaume, Mickael"]
[Result "0-1"]
[WhiteElo "1066"]
[BlackElo "1180"]
[PlyCount "126"]

1. d4 d5 2. e3 Nf6 3. f4 Bg4 4. Be2 Qd7 5. h3 Bxe2 6. Qxe2 Nc6 7. Nf3 h6 8. O-O
Ne4 9. Nbd2 Ng3 10. Qf2 Nxf1 11. Qxf1 Qf5 12. b3 Nb4 13. Qb5+ Nc6 14. Qxb7 Rd8
15. Qxc7 Qd7 16. Qxd7+ Rxd7 17. Bb2 e6 18. Ne5 Nxe5 19. fxe5 Bb4 20. c3 Be7 21.
b4 Rb7 22. a3 a5 23. Rb1 O-O 24. Nb3 a4 25. Na5 Rb6 26. Rf1 Bg5 27. Re1 f6 28.
Bc1 f5 29. Rf1 h5 30. Bd2 h4 31. c4 dxc4 32. Nxc4 Rc6 33. Nb2 Rc2 34. Nxa4 Rxd2
35. Nc5 Bxe3+ 36. Kh1 Bxd4 37. Nxe6 Rf7 38. Nxd4 Rxd4 39. e6 Rf6 40. e7 Re4 41.
e8=Q+ Rxe8 42. a4 Re4 43. b5 Rxa4 44. Kg1 Rb4 45. Kf2 Rxb5 46. Re1 Rf8 47. Re3
f4 48. Rf3 Rb2+ 49. Ke1 Rxg2 50. Rf2 Rg3 51. Rh2 f3 52. Kf2 Rg6 53. Ke3 Re6+
54. Kf2 g5 55. Rh1 Re2+ 56. Kf1 Ra2 57. Rg1 Rf5 58. Rg4 f2 59. Re4 Ra1+ 60. Ke2
f1=Q+ 61. Ke3 Qxh3+ 62. Kd4 Rd1+ 63. Kc4 Qd3+ 0-1

[Event "Tournoi francophone 004 Groupe E"]
[Site "Skype"]
[Date "????.??.??"]
[Round "4.7"]
[White "Morin, Claude"]
[Black "Mimouni, Driss"]
[Result "0-1"]
[WhiteElo "1030"]
[BlackElo "1000"]
[PlyCount "24"]

1. e4 e5 2. Nf3 Nf6 3. Nxe5 Qe7 4. d4 d6 5. Bd3 dxe5 6. dxe5 Bg4 7. Qd2 Qxe5 8.
O-O Nc6 9. h3 Bb4 10. c3 Bc5 11. hxg4 Nxg4 12. Qe2 Qh2# 0-1

[Event "Tournoi francophone 004 Groupe E"]
[Site "Skype"]
[Date "????.??.??"]
[Round "5.2"]
[White "Maccaferri, Massimo"]
[Black "Guillaume, Mickael"]
[Result "1-0"]
[WhiteElo "1252"]
[BlackElo "1180"]
[PlyCount "41"]

1. e4 e6 2. d4 d5 3. exd5 exd5 4. Nc3 a6 5. Nf3 Nc6 6. Bg5 Be7 7. Qe2 f6 8. Bf4
Bg4 9. h3 Bxf3 10. Qxf3 Nxd4 11. Qg3 Nxc2+ 12. Kd2 Nxa1 13. Qxg7 Qd7 14. Qxh8
O-O-O 15. Be2 Qf5 16. Bg4 Nh6 17. Bxf5+ Nxf5 18. Qxh7 d4 19. Qxf5+ Kb8 20. Ke2
dxc3 21. bxc3 1-0

[Event "Tournoi francophone 004 Groupe E"]
[Site "Skype"]
[Date "????.??.??"]
[Round "5.3"]
[White "Lecluyse, Koenraad"]
[Black "Ambrosino, Theo"]
[Result "0-1"]
[WhiteElo "1300"]
[BlackElo "1000"]
[PlyCount "54"]

1. d4 d5 2. Nf3 Nc6 3. e3 Bg4 4. Nbd2 Nf6 5. Bd3 e6 6. c3 Bd6 7. O-O O-O 8. e4
dxe4 9. Nxe4 Nxe4 10. Bxe4 h6 11. Qd3 f5 12. Bxc6 bxc6 13. h3 Bxf3 14. Qxf3 c5
15. d5 exd5 16. Qxd5+ Rf7 17. Re1 Qf8 18. a4 Re8 19. Rxe8 Qxe8 20. Bd2 Qd8 21.
Re1 Qf8 22. a5 Kh8 23. Qc6 Re7 24. Rxe7 Qxe7 25. Qa8+ Kh7 26. Qxa7 Qe2 27. Be3
Qe1# 0-1

[Event "Tournoi francophone 004 Groupe E"]
[Site "Skype"]
[Date "????.??.??"]
[Round "5.4"]
[White "Mimouni, Driss"]
[Black "Douichi, Mohammed"]
[Result "0-1"]
[WhiteElo "1000"]
[BlackElo "1209"]
[PlyCount "60"]

1. c4 e5 2. e4 Nf6 3. Nc3 Bc5 4. Nf3 Ng4 5. d4 exd4 6. Nxd4 d6 7. Qa4+ Bd7 8.
Ncb5 Bxd4 9. Qb4 Nc6 10. Qd2 Bxf2+ 11. Kd1 Be3 12. Qd3 Nf2+ 13. Ke1 Nxd3+ 14.
Bxd3 Qh4+ 15. g3 Qh6 16. Kd1 Bg4+ 17. Kc2 O-O 18. Bxe3 Qxe3 19. Rae1 Nb4+ 20.
Kc3 Qxd3+ 21. Kxb4 Bf3 22. Rhf1 Bxe4 23. Nxc7 Qd2+ 24. Ka3 Qa5+ 25. Kb3 Qxc7
26. Rxe4 Qb6+ 27. Kc3 Qa5+ 28. b4 Qa3+ 29. Kd4 Qxb4 30. Kd5 Qc5# 0-1

[Event "Tournoi francophone 004 Groupe E"]
[Site "Skype"]
[Date "????.??.??"]
[Round "5.5"]
[White "Vervoort, Jean-Louis"]
[Black "Lequeux, Pierre"]
[Result "1-0"]
[WhiteElo "1155"]
[BlackElo "1181"]
[PlyCount "123"]

1. e4 e5 2. Nf3 Nc6 3. Bc4 h6 4. d3 d6 5. O-O Nf6 6. Nc3 a6 7. Be3 Be7 8. Nd5
Nxd5 9. Bxd5 Nb4 10. Bb3 O-O 11. Qd2 a5 12. a3 Nc6 13. Ba4 Nb8 14. b4 b6 15.
Bb3 Qe8 16. c4 Nc6 17. b5 a4 18. Ba2 Na5 19. Qe1 d5 20. exd5 Bxa3 21. d4 e4 22.
Nd2 Bb4 23. Qe2 Bxd2 24. Qxd2 f5 25. h4 f4 26. Bxf4 Qf7 27. Be5 Ra7 28. f3 e3
29. Qxe3 Qg6 30. Bb1 Nxc4 31. Qc3 Qh5 32. Qxc4 Qxh4 33. Rxa4 Rxa4 34. Qxa4 Qg5
35. g4 h5 36. Qd1 hxg4 37. fxg4 Rxf1+ 38. Kxf1 Bxg4 39. Qe1 Bh3+ 40. Ke2 Qg4+
41. Kd2 g5 42. Bxc7 Qxd4+ 43. Kc1 Qc4+ 44. Kd2 Qxc7 45. Qe8+ Kg7 46. Qg6+ Kf8
47. Qxg5 Qc5 48. Qf6+ Kg8 49. Qg6+ Kf8 50. Qf6+ Ke8 51. Qh8+ Ke7 52. Qh7+ Kd6
53. Qxh3 Qb4+ 54. Kc1 Qe1+ 55. Kb2 Qe2+ 56. Kc1 Qc4+ 57. Kb2 Qb4+ 58. Kc1 Qf4+
59. Kb2 Qf2+ 60. Kc1 Qg1+ 61. Kb2 Qg7+ 62. Kc1 1-0

[Event "Tournoi francophone 004 Groupe E"]
[Site "Skype"]
[Date "????.??.??"]
[Round "5.6"]
[White "Morin, Claude"]
[Black "Martin, Elise"]
[Result "1/2-1/2"]
[WhiteElo "1030"]
[BlackElo "1070"]
[PlyCount "103"]

1. e4 e5 2. Nf3 Nc6 3. Bb5 d6 4. Bxc6+ bxc6 5. d4 Nf6 6. Nbd2 exd4 7. Nxd4 Qe7
8. Qe2 g6 9. Nxc6 Qe6 10. O-O Bg7 11. Nd4 Qd7 12. Qe3 Ng4 13. Qf3 Bxd4 14. c3
Bg7 15. h3 Nf6 16. Re1 O-O 17. Nb3 d5 18. Nd2 c6 19. e5 Nh5 20. c4 d4 21. Ne4
Bxe5 22. Nd6 Bxd6 23. g4 Ng7 24. Re4 Bc7 25. b3 Qd6 26. Kf1 Qh2 27. Qg2 Qxg2+
28. Kxg2 Nf5 29. gxf5 d3 30. Kf1 Bxf5 31. Re7 Bxh3+ 32. Ke1 Rac8 33. Kd2 Bf4+
34. Kxd3 Bf5+ 35. Kc3 Bd6 36. Rxa7 Be5+ 37. Kb4 Bxa1 38. c5 Be5 39. Bh6 Rfd8
40. Bg5 Rd4+ 41. Ka3 Bb8 42. Re7 Bd6 43. cxd6 Rxd6 44. Bf4 Rd4 45. Be5 Rd5 46.
Bf6 Ra5+ 47. Kb4 Rxa2 48. Re5 Bd7 49. f3 c5+ 50. Rxc5 Rb2 51. Rxc8+ Bxc8 52.
Bxb2 1/2-1/2

[Event "Tournoi francophone 004 Groupe E"]
[Site "Skype"]
[Date "????.??.??"]
[Round "5.7"]
[White "Schnell, Nicolas"]
[Black "Bacha, Mehdi"]
[Result "1-0"]
[WhiteElo "1000"]
[BlackElo "1066"]
[PlyCount "45"]

1. e3 Nf6 2. Be2 b6 3. c3 c5 4. d4 Bb7 5. Nf3 d5 6. Nbd2 c4 7. Ne5 Ne4 8. Nf1
f6 9. Bh5+ g6 10. Bg4 fxe5 11. dxe5 e6 12. Bxe6 Be7 13. Qf3 Rf8 14. Qe2 Nc6 15.
b3 Bh4 16. Ng3 Nxg3 17. hxg3 Bg5 18. Rxh7 Nxe5 19. e4 Nd3+ 20. Kd1 Bxc1 21. Qg4
Bc8 22. Qxg6+ Rf7 23. Qxf7# 1-0

[Event "Tournoi francophone 004 Groupe E"]
[Site "Skype"]
[Date "????.??.??"]
[Round "6.1"]
[White "Bouffard, Georges"]
[Black "Maccaferri, Massimo"]
[Result "1-0"]
[WhiteElo "1234"]
[BlackElo "1252"]
[PlyCount "51"]

1. d4 d5 2. f4 Nc6 3. c3 e6 4. Nf3 Qf6 5. e3 Qg6 6. Qc2 f5 7. Bd3 Qxg2 8. Qxg2
g6 9. Bb5 Bd7 10. a4 Nf6 11. Nbd2 Rg8 12. Ng5 h6 13. Bxc6 Bxc6 14. Nxe6 Bd6 15.
b4 Ke7 16. b5 Be8 17. Nc5 b6 18. Na6 g5 19. Ba3 Bxa3 20. Rxa3 gxf4 21. Qh3 fxe3
22. Qxe3+ Kf7 23. Nxc7 Rc8 24. Qe6+ Kg7 25. Rg1+ Kh8 26. Qxf6+ 1-0

[Event "Tournoi francophone 004 Groupe E"]
[Site "Skype"]
[Date "????.??.??"]
[Round "6.2"]
[White "Guillaume, Mickael"]
[Black "Vervoort, Jean-Louis"]
[Result "1/2-1/2"]
[WhiteElo "1180"]
[BlackElo "1155"]
[PlyCount "79"]

1. e4 e5 2. Nf3 Nc6 3. d4 exd4 4. Nxd4 Nxd4 5. Qxd4 d6 6. Bc4 Be6 7. Nd2 c5 8.
Qd3 Nf6 9. Bxe6 fxe6 10. h3 Be7 11. c4 O-O 12. O-O e5 13. Qg3 Nh5 14. Qg4 g6
15. Nf3 Rf4 16. Bxf4 Nxf4 17. Kh1 Qf8 18. h4 Qf7 19. b3 Rf8 20. Ng5 Bxg5 21.
Qxg5 Qg7 22. Rad1 Rf6 23. Qg4 Nh5 24. Qc8+ Rf8 25. Qe6+ Kh8 26. Rxd6 Rg8 27.
Rd7 Qf8 28. Qxe5+ Rg7 29. Rxg7 Qxg7 30. f4 Ng3+ 31. Kg1 Nxf1 32. Kxf1 h5 33.
Qxc5 Qa1+ 34. Kf2 Qxa2+ 35. Kg1 Qb1+ 36. Kh2 Qxe4 37. Qf8+ Kh7 38. Qf7+ Kh8 39.
Qf6+ Kh7 40. Qf7+ 1/2-1/2